00729 a2200157 45000010006000000050017000060080041000230030015000640400040000790800077001192450039001962640043002353000018002785050254002961000021005503066220260407155616.0260407a1975 arg spa dAR-UNSa-BCEJYS aAR-UNSa-BCEJYSbspacAR-UNSa-BCEJYS a657.633xDetalles técnicos de la auditoría. Comprobaciones internas 10aEnsayos sobre temas de auditoría 1aBuenos Aires :bEdiciones Macchic1975 a80 p.c25 cm. a1. Primeras auditorías - 2. Análisis de la cobertura de seguros - 3. Los libros de contabilidad. Su evolución e incidencia en el dictamen - 4. Las notas a los estados contables - 5. Los papeles de trabajo - 6. Programación de la auditoría.1 aWainstein, Mario